000 00482cam a2200181ua 4500
001 7485
008 141211n ii |||gr||||Z||||||ben
040 _cMAIN
041 _aben
082 _a891.44025
245 1 _aFair directory and books in print from West Bengal
_cBy Kolkatta book fair
250 _a15th rev.
260 _aKolkatta:
_bPublishers,
_c2003.
300 _a1023p.
653 _aEast Indo-European & Celtic literatures
653 _aBengali directory
942 _cBK
999 _c6608
_d6608